000 00266nam a2200109Ia 4500
008 190906s9999||||xx |||||||||||||| ||und||
100 _aAbdul haq ,Molvi
245 2 _aA Dictionary of Urdu
260 _aKarachi
_bDorling Kindersley
_c1990
300 _a992
942 _cBK
999 _c6147
_d6147